| 000 | 00780nas a2200253 4500 | ||
|---|---|---|---|
| 001 | BR2012002769 | ||
| 003 | BR-BrBNA | ||
| 005 | 20231205120440.0 | ||
| 007 | ta | ||
| 008 | 230509b bl.|||p| |||| 00| 00por d | ||
| 040 |
_aBR-BrBNA _bpor _cBiblioteca Nacional de Agricultura |
||
| 041 | _a(Pt) | ||
| 072 | _aP01 | ||
| 100 | 1 | _aEysink, G.G.F. | |
| 245 | 1 | _aA importância da educação ambiental em projetos de recuperação de ecossistemas aquáticos degradados | |
| 650 | _aESCOLA | ||
| 650 | _aEDUCAÇÃO AMBIENTAL | ||
| 650 | _aECOSSISTEMA | ||
| 650 | _aÁGUA | ||
| 650 | _aRECURSO NATURAL | ||
| 773 | 0 |
_tO Biológico (Brazil) _xISSN 0366-0567 _g(Jul-Dec 1999), v. 61(2) p. 129-130 _wBR2012002769 |
|
| 909 |
_a202311 _bLúcia _c55 _dLúcia Elande |
||
| 942 |
_2AGRIS _n0 _cANA |
||
| 999 |
_c218552 _d218552 |
||